| 000 | 00470nam a2200157 4500 | ||
|---|---|---|---|
| 001 | 137873 | ||
| 003 | ES-MaACL | ||
| 005 | 20230906195446.0 | ||
| 007 | t| | ||
| 008 | 070214s1970 sp r ||||1| spa d | ||
| 245 | 0 | 0 |
_aSalterio responsorial de Domingo y Fiestas _b: (Ciclo B) / _cmúsica de Miguel Manzano. |
| 260 |
_aBilbao : _b[s. n.], _c1970 ( _fGrafor) |
||
| 300 |
_a111 p. ; _c16 cm. |
||
| 700 | 1 |
_aManzano, Miguel. _976220 |
|
| 852 |
_aES-MaACL _jC-53620 _bR.72798 |
||
| 999 |
_c137873 _d137873 |
||